000 00706nam a2200169Ia 4500
008 090711s9999 xx 000 0 und d
082 _b42417
100 _aगोवंडे श्रीकांत (संपा.)
245 _aआदिशिक्त सप्तश्रgंग निवासिनी
260 _c1980
300 _a56
600 _aगोवंडे श्रीकांत (संपा.)
630 _aआदिशिक्त सप्तश्रgंग निवासिनी
700 _aगोवंडे श्रीकांत (संपा.)
730 _aआदिशिक्त सप्तश्रgंग निवासिनी
942 _cBOOK
999 _c296193
_d296193